| 000 | 02134cam a22004574i 4500 | ||
|---|---|---|---|
| 003 | PE-LiUPU | ||
| 005 | 20250731165401.0 | ||
| 008 | 150928s2008 pe grm 000 0 spa d | ||
| 035 | _a(Sirsi) a154650 | ||
| 040 |
_aPE-LiUPU _bspa _cPE-LiUPU _erda |
||
| 099 | _aTE 3 N36 2008 | ||
| 100 | 1 |
_aNegreiros Merma, Ramón _eautor |
|
| 245 | 1 |
_aEstudio comparativo de diversos períodos de iniciación en el área de educación para el trabajo y calidad del desarrollo integral en la educación básica de menores en el Colegio de Aplicación de la Universidad Nacional - La Cantuta / _cRamón Negreiros Merma. |
|
| 264 | 0 | _c2008. | |
| 300 |
_a98 hojas _c31 cm |
||
| 336 |
_atext _2rdacontent |
||
| 337 |
_aunmediated _2rdamedia |
||
| 338 |
_avolume _2rdacarrier |
||
| 502 |
_aTesis _b(Mg.) -- _cUniversidad Peruana Unión, _d2008. |
||
| 504 | _aIncluye referencias | ||
| 520 | 3 | _aConsiderando la necesidad de valorar comparativamente los periodos de iniciación óptima para el área de Educación para el Trabajo en alumnos del nivel de Educación Primaria, se realizó una investigación de diseño descriptivo comparativo con el objetivo esencial de establecer el periodo de iniciación optima en el área de Educación para el Trabajo que garantice mejores niveles de calidad en el desarrollo de conocimientos, habilidades y actitudes ergológicas de los estudiantes de la Educación Primaria de Menores. | |
| 526 | _aSEG44 | ||
| 526 | _aSEG26 | ||
| 526 | _aP151 | ||
| 526 | _aP150 | ||
| 526 | _aP149 | ||
| 526 | _aP146 | ||
| 526 | _aP145 | ||
| 526 | _aP126 | ||
| 526 | _aP125 | ||
| 526 | _aP92 | ||
| 526 | _aP75 | ||
| 526 | _aP74 | ||
| 526 | _aP27 | ||
| 526 | _aP15 | ||
| 650 | 0 | 4 |
_aEducación para el trabajo (Area de Educación Primaria) _xCalidad de la educación _vTesis. |
| 596 | _a1 | ||
| 942 |
_2ddc _cTESIS |
||
| 999 |
_aTE 3 N36 2008 _wALPHANUM _c7355 _iT01048 _lCCODEBUL3 _mBUL _r1 _sY _tTESIS _u2015-9-28 _xPOSGRADO _PP57 _o.STAFF. Tesis _d7355 |
||
| 999 |
_aTE 3 N36 2008 _wALPHANUM _c2 _iT01692 _lCCODEBUL3 _mBUL _r1 _sY _tTESIS _u2015-9-28 _xPOSGRADO _PP57 _o.STAFF. Tesis |
||
| 980 |
_81 _gALBERTO SANCHEZ Responsable de Automatización |
||